000 00532nam a2200217Ia 4500
003 OSt
005 20221007082345.0
006 a|||||r|||| 00| 0
007 ta
008 221006b |||||||| |||| 00| 0 eng d
024 _a1,003
037 _cTextual
040 _aFLL
_cFLL
_beng
041 _2eng
_aeng
082 _aX:9:Z2, L8
100 _aAggarwal S.L.
_9699046
245 0 _aLabour relations law in India
260 _c1998
942 _hX:9:Z2, L8
_cTEXL
_2CC
999 _c1166174
_d1166174